| 000 | 00453nam a2200193Ia 4500 | ||
|---|---|---|---|
| 005 | 20240823034822.0 | ||
| 008 | 240823s9999||||xx |||||||||||||| ||und|| | ||
| 020 | _a978-93-5029-341-6 | ||
| 041 | _aENGLISH | ||
| 082 | _A894.812371 Q2 | ||
| 100 | _aRizio Yohannan Raj | ||
| 245 | 2 | _aA Tale of things timeless | |
| 250 | _a1st | ||
| 260 |
_c2012 _bHarper Pere |
||
| 500 | _aYES | ||
| 650 |
_aTime Less _bGeneral |
||
| 942 | _cBK | ||
| 999 |
_c199202 _d199202 |
||